পৌরাণিক অভিধান / (Record no. 57180)
[ view plain ]
| 000 -LEADER | |
|---|---|
| fixed length control field | 00943nam a22002417a 4500 |
| 001 - CONTROL NUMBER | |
| control field | 57180 |
| 003 - CONTROL NUMBER IDENTIFIER | |
| rucl marc code | BD-RjUL |
| 005 - DATE AND TIME OF LATEST TRANSACTION | |
| control field | 20211209080457.0 |
| 008 - FIXED-LENGTH DATA ELEMENTS--GENERAL INFORMATION | |
| fixed length control field | 161206s1958 ii ||||| |||| 00| 0 ben d |
| 035 ## - SYSTEM CONTROL NUMBER | |
| System control number | (BD-RjUL) |
| 040 ## - CATALOGING SOURCE | |
| Original cataloging agency | BD-RjUL |
| Language of cataloging | ben |
| Transcribing agency | BD-RjUL |
| Modifying agency | BD-RjUL |
| 041 ## - LANGUAGE CODE | |
| Language code of text/sound track or separate title | ben |
| 082 ## - DEWEY DECIMAL CLASSIFICATION NUMBER | |
| Edition number | 23 |
| Classification number | 294.592503 |
| Author mark and year | PUR 1958 |
| 245 00 - TITLE STATEMENT | |
| Title | পৌরাণিক অভিধান / |
| Statement of responsibility, etc. | সুধীরচন্দ্র সরকার সংকলিত |
| 250 ## - EDITION STATEMENT | |
| Edition statement | ১ম সং |
| 260 ## - PUBLICATION, DISTRIBUTION, ETC. (IMPRINT) | |
| Place of publication, distribution, etc. | কলিকাতা : |
| Name of publisher, distributor, etc. | এম. সি. সরকার, |
| Date of publication, distribution, etc. | ১৯৫৮ |
| 300 ## - PHYSICAL DESCRIPTION | |
| Pagination | [৩০], ৪৭৯ পৃ. : |
| Illustrations | চিত্র ; |
| Size | ১৭ সেমি. |
| 500 ## - GENERAL NOTE | |
| General note | নির্ঘন্ট সম্বলিত |
| 650 ## - SUBJECT ADDED ENTRY--TOPICAL TERM | |
| Topical term or geographic name as entry element | পুরাণ |
| General subdivision | অভিধান |
| 9 (RLIN) | 169833 |
| Topical term or geographic name as entry element | Puranas |
| General subdivision | Dictionaries |
| 9 (RLIN) | 169834 |
| 700 ## - ADDED ENTRY--PERSONAL NAME | |
| Personal name | সরকার, সুধীরচন্দ্র, সংকলক |
| 942 ## - ADDED ENTRY ELEMENTS (KOHA) | |
| Source of classification or shelving scheme | Dewey Decimal Classification |
| Koha item type | Reference |
| Lost status | Source of classification or shelving scheme | Damaged status | Not for loan | Collection code | Permanent Location | Current Location | Shelving location | Date acquired | Source of acquisition | Cost, normal purchase price | Total Checkouts | Full call number | Date last seen | Copy number | Koha item type |
|---|---|---|---|---|---|---|---|---|---|---|---|---|---|---|---|
| Dewey Decimal Classification | Not For Loan | Reference | Central Library, University of Rajshahi | Central Library, University of Rajshahi | 29/06/1960 | Warsi book center, Dhaka | 8.16 | BR 294.592503 PUR 1958 | 06/12/2016 | C-1 | Reference | ||||
| Dewey Decimal Classification | Non-fiction | Central Library, University of Rajshahi | Central Library, University of Rajshahi | 29/06/1960 | Warsi book center, Dhaka | 8.11 | B 294.592503 PUR 1958 | 06/09/2021 | C-2 | Reference |